Statistiken für Debütsingles deutscher Bands

Klicken Sie hier um das Quiz zu spielen!

Allgemein

  • Dieses Quiz wurde 76 mal gespielt
  • Das Durchschnittsergebnis liegt bei 6 aus 20

Antwortstatistiken

DebütsingleBand% Korrekt
Perfekte WelleJuli
86%
BruttosozialproduktGeier Sturzflug
76%
Ich find’ dich scheißeTic Tac Toe
71%
Verdamp lang herBAP
59%
Nur geträumtNena
59%
Du riechst so gutRammstein
47%
Oft gefragtAnnenMayKantereit
41%
Guten TagWir sind Helden
36%
Definition von FettFettes Brot
33%
Bon VoyageDeichkind
26%
Eure MädchenKraftklub
21%
Hab mich wieder mal an dir betrunkenPur
20%
Alles wird sich ändernEcht
13%
Generation RockRevolverheld
13%
Wellenreiten ’54Sportfreunde Stiller
11%
Mach’s dir selbst!Silbermond
10%
Geht’s dir schon besser?Ich+Ich
4%
Ich geh auf GlasRosenstolz
4%
Sage Ja!Unheilig
3%
RuckzuckKraftwerk
1%

Verteilung der Resultate

Perzentil nach korrekt beantworteten Fragen

Anzahl Personen mit jedem Resultat

Ihre Resultats-Entwicklung

Sie haben dieses Quiz noch nicht gespielt